| 000 | 01316nam a2200121Ia 4500 | ||
|---|---|---|---|
| 008 | 220615s9999||||xx |||||||||||||| ||und|| | ||
| 245 | 0 | _aAnalytical Methods for Toxics Determination | |
| 546 | _aEnglish[eng] | ||
| 650 | _aazides||screen-printed sensors||poly (3-octylthiophene)||solid contact potentiometric sensors||iron-phthalocyanine||nitron-azide complexes||microwave-assisted aqueous two-phase extraction||Solasodine||alkaloid||response surface methodology||high-performance liquid chromatography||pre-development process||clotrimazole||itraconazole||stability||method validation||sporotrichosis||differential pulse voltammetry||hydrochlorothiazide||pyridoxine||chemometrics||bioindication||heavy metals||urban soil||Senecio vulgaris||Poa annua||Polygonum aviculare||predictive models||MIPs||parabens||biological matrix||extraction procedure||HPLC-PDA||stationary phase characterization||phenol||3-aminophenol||wastewater||SPMMTE||capillary electrophoresis||deoxynivalenol||dcELISA kit||performance measurement||development||grapevine||bioaccumulation||biomonitoring||laser-induced breakdown spectroscopy||surface pollution||high voltage insulators||quantitatively analysis | ||
| 700 | _aLocatelli, Marcello||Melucci, Dora||Locatelli, Clinio | ||
| 856 | _uhttps://mdpi.com/books/pdfview/book/2594 | ||
| 942 | _cEB | ||
| 999 |
_c13375 _d13375 |
||